| 000 | 00838nam a2200289 u 4500 | ||
|---|---|---|---|
| 003 | MX-MxUPN | ||
| 005 | 20240419063753.0 | ||
| 008 | 191015s2006 ag a r 000 0 spa d | ||
| 020 | _a987129610X | ||
| 020 | _a9789871296101 | ||
| 035 | _aUPN01000233397 | ||
| 040 |
_aMX-MxUPN _bspa _cMX-MxCID |
||
| 041 | 0 | _aspa | |
| 050 | 1 | 4 |
_aPZ74 _bL83 2006 |
| 100 | 1 |
_aLucca, Lola de _942956 |
|
| 245 | 1 | 0 | _aRocío y el arco iris |
| 260 |
_aBuenos Aires : _bUnaluna, _c2006. |
||
| 300 |
_a[10] páginas : _bilustraciones a color |
||
| 490 | 0 | _aColección Hadas amigas | |
| 650 | 0 |
_aCuentos de hadas _95259 |
|
| 650 | 4 |
_aSueños _vLiteratura infantil _924862 |
|
| 650 | 4 |
_aLiteratura infantil argentina _97511 |
|
| 700 | 1 |
_aSuez, Nora _951248 _eilustración |
|
| 902 | _aVíctor Ruiz/280224 | ||
| 942 |
_2lcc _cLIBRO |
||
| 999 |
_c205492 _d205492 |
||